|
|
|
|
| LEADER |
01297nam a2200337 a 4500 |
| 001 |
1372920 |
| 008 |
090730s1969 ne b 000 1 eng d |
| 010 |
|
|
|a 81083604
|
| 020 |
|
|
|a 822012553
|
| 040 |
|
|
|a DLC
|c DLC
|d DLC
|d OCoLC
|d DLC
|
| 082 |
0 |
0 |
|a 823/.8
|2 19
|
| 100 |
1 |
|
|a Weigel, James.
|
| 240 |
1 |
0 |
|a Dickens a tale of two cities.
|
| 245 |
1 |
2 |
|a A tale of two cities /
|c James Weigel.
|
| 260 |
|
|
|a Lincoln, NE :
|b C. K. Hillegass,
|c 1969
|
| 300 |
|
|
|a 90 p. :
|c 20
|
| 490 |
0 |
|
|a Cliffs notes.
|
| 504 |
|
|
|a Bibliography : p.88-90
|
| 541 |
1 |
|
|e 00017285
|
| 651 |
|
0 |
|a Paris (France)
|x History
|y 1789-1799
|x Fiction.
|
| 651 |
|
0 |
|a London (England)
|x History
|y 18th century
|x Fiction.
|
| 651 |
|
0 |
|a France
|x History
|y Revolution, 1789-1799
|v Fiction.
|
| 650 |
|
0 |
|a French
|z England
|z London
|v Fiction.
|
| 650 |
|
0 |
|a Executions and executioners
|v Fiction.
|
| 650 |
|
0 |
|a Fathers and daughters
|v Fiction.
|
| 650 |
|
0 |
|a Lookalikes
|v Fiction.
|
| 655 |
|
7 |
|a Historical fiction.
|2 gsafd
|
| 655 |
|
7 |
|a War stories.
|2 gsafd
|
| 852 |
4 |
|
|a Ayesha Abed Library
|j General shelf
|
| 999 |
|
|
|c 2982
|d 2982
|
| 952 |
|
|
|0 0
|1 0
|2 ddc
|4 1
|6 823_800000000000000_WEI
|7 0
|9 2697
|a BRACUL
|b BRACUL
|c SPS
|d 2009-08-18
|l 3
|m 21
|o 823.8 WEI
|p 3010017285
|r 2019-01-14
|s 2018-10-11
|t 1
|w 2009-08-18
|y BK
|x Photocopy Book. Declared as Damaged on December 10, 2023
|